[Event "80th Tata Steel Challengers 2018"]
[Site "Wijk aan Zee"]
[Date "2018.01.26"]
[Round "11"]
[White "Harika, Dronavalli"]
[Black "Van Foreest, Jorden"]
[Result "0-1"]
[WhiteElo "2497"]
[BlackElo "2629"]
[Annotator "TA"]
[PlyCount "194"]
[EventDate "2018.??.??"]
[EventType "tourn"]
[EventCountry "NED"]
[SourceTitle "playchess.com"]
[Source "ChessBase"]
[SourceQuality "1"]

{[%evp 18,194,24,12,25,29,35,32,30,13,22,13,28,12,29,35,24,25,39,25,31,0,0,-8,0,0,0,0,0,0,0,0,61,-37,-36,-31,-31,-37,-35,-58,-56,-54,-55,-62,-64,-77,-77,-77,-77,-77,-77,-77,-77,-77,-77,-77,-70,-77,-77,-77,-54,-95,0,0,0,-2,0,-2,0,-2,0,-2,-2,-2,-2,-2,-2,-61,-24,-19,-14,-38,-2,-2,-2,-2,0,-43,-43,-43,-27,-37,-16,-16,-5,-8,-16,-24,-4,-37,-37,-63,-38,-52,-55,-64,-59,-65,-63,-59,-16,-17,-23,-24,-10,-1502,-1497,-1245,-1064,-495,-215,-215,-153,-11448,-8054,-7836,-2035,-29952,-29949,-29946,-29952,-29952,-29950,-29952,-29943,-29958,-29952,-9785,-645,-586,-266,-29969,-29970,-29971,-29971,-29971,-29973,-29973,-29974,-29978,-29978,-29979,-29979,-29980,-29980,-29979,-29979,-29978,-29979,-29983,-29984,-29984,-29984,-29984,-29984,-29984,-29985,-29985,-29986,-29986,-29987,-29987,-29988,-29991,-29992,-29992,-29993,-29993,-29991]} 1. d4 Nf6 2. Nf3 g6 3. g3 Bg7 4. Bg2 O-O 5. O-O d6 6. b3 a5 7. Nc3 {A49: Königsindisch (ohne c2-c4)} Nbd7 8. e4 $146 ({Vorgänger:} 8. a4 Re8 9. Ba3 d5 10. Ne5 c6 11. f4 Nxe5 12. fxe5 Ng4 13. Bc1 f6 14. h3 fxe5 15. hxg4 exd4 {1-0 (40) Kortschnoj,V (2607)-Ivanchuk,V (2731) Odessa 2006}) 8... e5 9. dxe5 dxe5 10. a4 {LiveBook: 7 Partien} b6 11. Ba3 Re8 12. Qd2 Bb7 13. Rfe1 Nf8 14. Rad1 Qxd2 15. Rxd2 Ne6 16. Nd5 Nxd5 17. exd5 Nc5 18. Bxc5 bxc5 19. Rde2 {[%cal Rf3e5]} f6 20. Nd2 f5 21. Nc4 {[%cal Rc4e5]} e4 22. d6 Bd4 23. dxc7 {zielt auf Sd6 ab.} Re7 24. Nd6 Ba6 (24... Rxc7 $11 25. Nxb7 Rxb7) 25. c8=Q+ (25. Nxe4 $1 $14 Rae8 26. c8=Q Bxc8 27. Nc3 $1 {[%mdl 512]}) 25... Bxc8 $15 26. Nxc8 Rxc8 27. Rd1 Kg7 28. Kf1 Rf8 29. Rc1 Bc3 30. Rd1 Rff7 31. Kg1 Rd7 32. Rb1 Rd6 33. f3 {[#]} e3 $1 {[%mdl 512]} 34. f4 (34. Rxe3 Bd4) 34... Rfd7 35. Bf3 h6 36. h4 Kf6 37. Kf1 Re7 38. Kg2 Bd2 39. Rh1 c4 (39... Rc7 $17) 40. bxc4 $11 Rb6 41. Bd5 Rb2 42. Ra1 Rxc2 43. Rb1 Kg7 44. Rb6 h5 45. Kf3 Ra2 46. Bc6 $1 Ra1 47. Rb2 ({Lieber} 47. Kg2 $11) 47... Rf1+ 48. Kg2 Rc1 49. Bd5 ({Aber nicht} 49. Rbxd2 $2 exd2 50. Rxe7+ Kf8 $19) 49... Rc7 50. Rb6 $1 Ra1 51. Bc6 $1 Be1 (51... Re7 {is more complex.} 52. Bb5 Bb4 53. Ra6 Rb1 54. Ra8 Rc1) 52. Rb7 Rxb7 53. Bxb7 $15 {[%mdl 4096] Endspiel KTL-KTL} Bd2 54. Bc6 $1 Kf6 55. Bb5 Ke6 56. c5 Kd5 57. c6 Kd4 58. c7 Rc1 59. Be8 Rxc7 60. Bxg6 Rc4 61. Be8 $1 Ke4 $1 62. Bb5 Rc1 63. Be8 Be1 {Mit der Idee ...Lf2.} 64. Bxh5 Bf2 {und nun wäre ...Tg1+ stark für Schwarz.} 65. Bf3+ Kd3 66. Rxf2 $2 {[%mdl 8192]} (66. Ra2 $11) 66... exf2 $19 67. Kxf2 $11 {KT-KL} Rc2+ 68. Kg1 Ke3 (68... Rc4 $142 69. h5 Rxa4) 69. Bd5 $19 Rc5 70. Bb7 $2 (70. Be6 $17) 70... Rc4 71. Kg2 Rxa4 72. Bc8 Re4 73. Bxf5 {[#]} a4 $1 {[%cal Ra4a3]} 74. Bg6 a3 75. Bf7 Re7 76. Bg8 Ke4 77. h5 Kf5 (77... Rg7 $142 78. Be6 Rh7) 78. Kf3 {[#]} Kf6 (78... Re6 $142 $1 {[%mdl 512] ...a2 ist eine echte Drohung.} 79. Bh7+ (79. g4+ $2 Kf6 $19) (79. Bxe6+ Kxe6) 79... Kf6) 79. g4 $2 {[#]} (79. Ba2 $19 Rb7 80. g4) 79... Rf7 $1 {[%mdl 512] Schwarz setzt Matt.} 80. h6 (80. Bxf7 Kxf7) 80... Ke7 81. g5 Kf8 82. h7 {[#]} Rxh7 $3 {[%mdl 512]} 83. Bxh7 {KL-KB} a2 84. Be4 a1=Q 85. Kg4 Qd4 86. Kf3 Qg1 87. Bf5 Ke7 88. Bg4 Kd6 89. Bf5 Kc5 90. Ke4 Qe1+ 91. Kf3 Kd4 92. g6 Qf1+ 93. Kg4 Qg2+ 94. Kh5 Ke3 95. Kh6 Kxf4 96. Bc8 Qg5+ 97. Kh7 Qh5+ {Precision: Weiß = 58%, Schwarz = 65%.} 0-1

[Event "80th Tata Steel Challengers 2018"]
[Site "Wijk aan Zee"]
[Date "2018.01.26"]
[Round "11"]
[White "Van Foreest, Lucas"]
[Black "Xiong, Jeffery"]
[Result "0-1"]
[WhiteElo "2481"]
[BlackElo "2634"]
[Annotator "TA"]
[PlyCount "76"]
[EventDate "2018.??.??"]
[EventType "tourn"]
[EventCountry "NED"]
[SourceTitle "playchess.com"]
[Source "ChessBase"]
[SourceQuality "1"]

{[%evp 21,76,33,40,50,47,0,0,-7,-7,3,1,-10,0,-30,-39,-35,0,-51,0,-81,-79,-87,-61,-88,-79,-77,-85,-95,0,-213,-192,-305,-301,-318,-322,-291,-287,-370,-346,-395,-369,-350,-358,-350,-327,-405,-424,-883,-858,-969,-513,-2234,-2385,-1994,-1976,-12826,-1186]} 1. e4 c5 2. Nf3 {[%cal Bg1f3,Bf3d4,Bd4b3,Bb3a5][%mdl 32]} d6 3. d4 cxd4 4. Nxd4 Nf6 5. Nc3 a6 6. Be3 e5 7. Nb3 Be6 8. f3 Nbd7 9. g4 b5 10. Qd2 Nb6 11. g5 Nfd7 12. Na5 {B90: Sicilian Najdorf: Unusual White 6th moves, 6 Be3 Ng4 and 6 Be3 e5} (12. O-O-O Be7 13. Na5 Qc7 14. Nd5 Nxd5 15. exd5 Bf5 16. Kb1 Rc8 17. Bd3 Bh3 18. f4 Nc5 19. Nc6 Nxd3 20. Qxd3 {½-½ (60) Sethuraman,S (2618)-Gabuzyan,H (2566) Abu Dhabi 2017}) 12... Rc8 13. Nd5 ({White should play} 13. O-O-O $14) 13... Nxd5 $11 14. exd5 {[#]The position is equal.} Bxd5 $1 {[%mdl 512]} 15. Qxd5 {Strongly threatening Nb7.} Qxa5+ 16. c3 $1 Be7 17. Bh3 Qc7 18. a4 Qc4 $36 {[%mdl 2048] Black fights for an advantage.} 19. Qb7 (19. Qxc4 $11 bxc4 20. f4) 19... Rd8 $146 (19... Rc7 $15 20. Qa8+ Bd8) ({Predecessor:} 19... Rc7 20. Qa8+ {0-1 (44) Narayanan,S (2218)-Brandenburg,D (2433) Dieren 2007}) 20. Rg1 (20. Bxd7+ $1 $11 {remains equal.} Rxd7 21. Qxa6) 20... bxa4 21. Rg4 Qd3 22. Re4 {[#]} a3 $1 {Hoping for ...0-0.} 23. Rd1 (23. Rxa3 d5) 23... Qc2 24. bxa3 Qxh2 (24... h6 $17 25. gxh6 Qxh2 26. hxg7 Qg3+ 27. Ke2 Qxg7) 25. Bg4 $2 (25. Bxd7+ $1 $11 Rxd7 26. Qc6) 25... h5 $19 26. Bxd7+ (26. gxh6 $142 Bh4+ 27. Kf1 Rxh6 28. Qc6) 26... Rxd7 27. Qc8+ Rd8 28. Qc6+ Kf8 29. Bf2 Qh3 30. Ke2 Qf5 31. c4 Qxg5 ({Don't play} 31... Bxg5 32. Rxd6 Rb8 33. Qd5 $19) 32. c5 Rh6 33. Qc7 Re6 34. c6 (34. cxd6 $142 Rexd6 35. Rxd6 Bxd6 36. Qa5) 34... d5 {[%cal Bd6d5,Bd5d4][%mdl 32]} 35. Re3 e4 36. fxe4 (36. Qg3 $142 exf3+ 37. Kxf3 Qf5+ 38. Qf4 Qxf4+ 39. Kxf4) 36... Qg4+ 37. Ke1 d4 38. Bg3 h4 {Precision: White = 27%, Black = 75%.} (38... Rxe4 $142 39. Rxe4 Qxe4+ 40. Kf1 Qf3+ 41. Ke1 Re8 42. Qe5 {[#]} Bb4+ $1 {[%mdl 512]} 43. axb4 Qxg3+ 44. Kd2 Rxe5 45. Rc1 Qf3 46. Rg1 Re2+ 47. Kd1 Qd3+ 48. Kc1 Qc2#) 0-1

[Event "80th Tata Steel Challengers 2018"]
[Site "Wijk aan Zee"]
[Date "2018.01.27"]
[Round "12"]
[White "Krasenkow, Michal"]
[Black "Amin, Bassem"]
[Result "0-1"]
[WhiteElo "2671"]
[BlackElo "2693"]
[Annotator "TA"]
[PlyCount "162"]
[EventDate "2018.??.??"]
[EventType "tourn"]
[EventCountry "NED"]
[SourceTitle "playchess.com"]
[Source "ChessBase"]
[SourceQuality "1"]

{[%evp 21,162,44,56,34,20,22,25,0,0,0,0,0,0,-20,-17,-23,-29,-80,-72,-85,-78,-95,-74,-83,-93,-89,-97,-83,-87,-89,-87,-92,-68,-58,-57,-114,-121,-111,-85,-114,-100,-134,-126,-139,-96,-71,-75,-78,-72,-88,-93,-83,-91,-78,-88,-236,-235,-205,-161,-160,-74,-80,-75,-79,-72,-92,-52,-45,-54,-79,-61,-69,-61,-60,-39,-39,-39,-38,-39,-37,-8,-8,-10,-27,0,0,0,-33,-33,-33,-33,-33,-35,-51,-48,-45,-38,-38,0,-39,-8,-8,-12,-36,-28,-28,-37,-315,-301,-404,-404,-383,-384,-356,-354,-311,-315,-4137,-4137,-4637,-4622,-4622,-4594,-1857,-1523,-4637,-4622,-1537,-2581,-1663,-1625,-1599,-1599,-1452,-943,-29983,-29979,-29988,-29989,-29990,-29991,-29993,-29978]} 1. Nf3 Nf6 2. c4 g6 3. Nc3 Bg7 4. e4 d6 5. d4 O-O 6. h3 e5 7. d5 a5 8. Bg5 Na6 9. Be2 Qe8 10. g4 {E92: King's Indian: Classical: 6 Be2 e5: 7 dxe5, 7 Be3 and Petrosian System without 7...Nbd7} Nd7 11. a3 (11. Qd2) 11... Nb6 {LiveBook: 6 Games} 12. b3 {White is slightly better.} Bd7 13. Rg1 $146 ({Find the theoretical novelty and annotate with similar games:} 13. Nd2 Kh8 14. Be3 Qe7 15. Qc2 Nc5 16. h4 h6 17. h5 g5 {1-0 (46) Kezin,R (2226)-Giljazitdinov,E (2141) Novosibirsk 2009}) 13... Kh8 14. Rb1 Nc5 15. Be3 f5 16. gxf5 gxf5 17. Qd2 Qe7 18. Bxc5 dxc5 19. Qg5 (19. Rd1 $11 {remains equal.}) 19... Bf6 $1 $17 {[%cal Rf6g5]} 20. Qh5 Nc8 $1 21. d6 Nxd6 22. Nd5 Qf7 23. Qxf7 Rxf7 24. Nxf6 Rxf6 25. Nxe5 Be6 26. Nd3 fxe4 27. Nxc5 Bxh3 28. Rg3 (28. Na4 $15) 28... Bf5 {Strongly threatening ...b6.} 29. Rd1 Re8 30. Rd5 b6 31. Na6 c6 32. Rd2 Bg6 {Threatens to win with ...Nf5.} 33. c5 bxc5 $1 34. Nxc5 Nf5 {And now ...e3 would win.} 35. Rg5 e3 36. fxe3 Nxe3 37. Nd7 Rfe6 38. Rxa5 (38. Nc5 $17 {was worth a try.} R6e7 39. Kf2) 38... Nd5 $19 {White must now prevent ...Bh5.} 39. Kf2 R6e7 40. Bg4 Rf7+ (40... Rg7 $142 41. Bh3 Be4) 41. Kg3 $17 h5 42. Bh3 Re3+ 43. Kh2 {[#]} Rxh3+ $1 {[%mdl 512]} 44. Kxh3 {Ne5 is the strong threat.} Rxd7 45. Rd4 Rf7 46. Ra6 Nf4+ 47. Kh4 c5 48. Rc4 Bd3 49. Ra8+ Kh7 50. Rxc5 Kh6 51. Rh8+ Bh7 52. Kg3 Ng6 53. Rb8 h4+ 54. Kg2 Nf4+ 55. Kh2 Re7 {aiming for ...Re2+.} 56. Rb6+ Bg6 57. Rf6 Re2+ 58. Kg1 Re1+ 59. Kh2 Re2+ 60. Kg1 Nh5 61. Rf2 $132 {[%mdl 2048] White has counterplay} Re1+ 62. Rf1 Re3 63. Rf8 Kg7 64. Rb8 $2 {[%mdl 8192]} (64. Rf2 $15) 64... Rg3+ $1 $19 65. Kh2 {[#]} Nf6 $1 {[%cal Rf6g4]} 66. Rc7+ Kh6 67. Rh8+ Kg5 68. Rc5+ Kg4 69. Rc4+ $2 {[#]} (69. Rc7 Rh3+ 70. Kg1) 69... Be4 $1 70. Rh6 Rg2+ 71. Kh1 Re2+ 72. Kg1 Nh5 73. Rxh5 Kxh5 {[%mdl 4096] Endgame KRB-KR} 74. Kf1 Bd3 (74... Re3 $142 75. Kf2 Rf3+ 76. Kg1 Bf5) 75. Rd4 Ba6 {( -> ...h3)} 76. Ra4 Re6+ 77. Kf2 Bb7 78. b4 Rf6+ {Black mates.} 79. Kg1 Kg4 80. Ra5 h3 81. Re5 Rd6 {Precision: White = 46%, Black = 62%.} 0-1

[Event "80th Tata Steel Challengers 2018"]
[Site "Wijk aan Zee"]
[Date "2018.01.27"]
[Round "12"]
[White "Korobov, Anton"]
[Black "Van Foreest, Lucas"]
[Result "1/2-1/2"]
[WhiteElo "2652"]
[BlackElo "2481"]
[Annotator "TA"]
[PlyCount "113"]
[EventDate "2018.??.??"]
[EventType "tourn"]
[EventCountry "NED"]
[SourceTitle "playchess.com"]
[Source "ChessBase"]
[SourceQuality "1"]

{[%evp 25,113,0,0,0,28,0,0,0,0,0,0,-6,0,14,0,0,13,21,21,13,18,18,16,12,22,21,25,14,42,16,20,0,0,0,0,-14,0,0,0,0,27,27,27,24,45,8,8,8,8,8,8,8,8,8,8,8,8,8,8,8,8,8,8,8,24,0,0,0,0,0,0,0,0,0,0,0,0,0,0,0,0,0,8,-8,-8,-8,-8,-8,-8,-8]} 1. d4 Nf6 2. c4 e6 3. Nc3 Bb4 4. Nf3 d5 5. Bg5 dxc4 6. e4 h6 7. Bxf6 Qxf6 8. Bxc4 c5 9. O-O O-O 10. e5 {D39: Damengambit (Ragosin-Verteidigung)} Qd8 11. d5 (11. Ne4 cxd4 12. Qe2 Bd7 13. Rfd1 Nc6 14. Ng3 Bc5 15. a3 Ne7 16. Ne4 Bb6 17. Nxd4 Ng6 {½-½ (52) Ding,L (2771)-Aronian,L (2802) Tbilisi 2017}) 11... Bxc3 12. bxc3 exd5 13. Bxd5 Nc6 {LiveBook: 5 Partien} 14. Re1 Qc7 15. Qa4 Be6 $146 ({Vorgänger:} 15... Ne7 16. Bb3 Bd7 17. Qh4 Rae8 {0-1 (29) Hando,V (2318)-Meszaros,T (2434) Hungary 2010}) 16. Bxe6 fxe6 17. Qc4 Qe7 18. Nh4 {[#] Und Sg6 würde nun gewinnen.} Na5 19. Qg4 {Droht Sg6 und aus.} Qf7 20. f4 Nc6 ({Viel schwächer wäre} 20... h5 21. Qe2 $16) 21. g3 Rad8 22. Rad1 Rxd1 23. Rxd1 Rd8 24. Rxd8+ Nxd8 25. Qd1 Nc6 26. Kg2 Qc7 27. Nf3 Kf7 28. g4 Ne7 29. Kg3 Qc6 30. Qb1 Qd7 31. c4 a6 32. Qb6 Qc6 (32... Qa4 {is interesting.} 33. Qb3 Qxb3 34. axb3 Nc6 35. h4 g6) 33. Qxc6 Nxc6 $11 {[%mdl 4096] Endspiel KS-KS} 34. Nd2 Nb4 35. a4 Nd3 36. Ne4 b6 37. Nd6+ Ke7 38. Nc8+ Kd8 39. Nxb6 a5 40. f5 exf5 41. gxf5 {[#] Droht stark e6.} Nxe5 42. Kf4 Nf7 $1 43. h4 Kc7 44. Nd5+ Kd7 45. h5 Nd6 {Die Stellung ist ausgeglichen.} 46. Ne3 Ne8 47. Nf1 Kd6 48. Nd2 {Schwarz muss nun Se4+ beachten.} Nf6 49. Ne4+ Ke7 50. Nxc5 Nxh5+ 51. Kf3 Nf6 52. Nb7 Nd7 53. Nxa5 Kd6 54. Kg4 Nc5 55. Kh5 Kc7 56. Kg6 Kb6 57. f6 {Precision: Weiß = 62%, Schwarz = 68%.} 1/2-1/2

[Event "80th Tata Steel Challengers 2018"]
[Site "Wijk aan Zee"]
[Date "2018.01.27"]
[Round "12"]
[White "Xiong, Jeffery"]
[Black "Gordievsky, Dmitry"]
[Result "1/2-1/2"]
[WhiteElo "2634"]
[BlackElo "2622"]
[Annotator "TA"]
[PlyCount "87"]
[EventDate "2018.??.??"]
[EventType "tourn"]
[EventCountry "NED"]
[SourceTitle "playchess.com"]
[Source "ChessBase"]
[SourceQuality "1"]

{[%evp 23,87,53,63,54,64,45,53,59,70,54,64,35,35,35,35,-71,-59,-63,-53,-85,-48,-54,-45,-103,-56,-192,-224,-208,-218,-209,-193,-224,0,0,0,0,-10,0,0,0,0,0,0,0,0,0,0,0,0,0,0,0,0,-7,0,0,0,0,0,0,0,0,0,0,0,0]} 1. e4 c5 2. Nf3 e6 3. d4 cxd4 4. Nxd4 a6 5. c4 Nf6 6. Nc3 Qc7 7. a3 b6 8. Be3 Bb7 {B41: Sicilian: Kan Variation: 5 c4} 9. f3 d6 10. Be2 Be7 11. Rc1 O-O 12. O-O Nbd7 {LiveBook: 276 Games} 13. b4 Rfc8 14. Qd2 Qd8 15. Rfd1 Rab8 16. Kh1 {[#]} h5 $146 ({Predecessor:} 16... Ne5 17. Na4 Nfd7 18. Bf1 h5 19. Qf2 {½-½ (47) Kobalia,M (2623)-Artemiev,V (2671) St Petersburg 2015}) 17. Bf2 Ne5 18. Na4 Nfd7 19. Qe3 {[#]} (19. Kg1 $14 {keeps the upper hand.}) 19... Bg5 $1 $17 {[%cal Rg5e3]} 20. f4 Bh6 21. b5 Ng4 $36 {[%mdl 2048] Black has some pressure.} 22. Bxg4 $1 hxg4 23. Bg3 (23. Ne2 $15 Qc7 24. Nac3) 23... Ra8 (23... Qf6 {feels hotter.} 24. Kg1 Ra8 25. Ne2 axb5 26. Rxd6 Ne5) 24. Nxe6 ({White should play} 24. Qe2 $15) 24... fxe6 $19 25. Rxd6 {[%cal Ra4b6]} Qe8 26. Nxb6 Nxb6 27. Qxb6 Qxb5 $2 (27... Qf7 $19 28. Re1 Rxc4 29. bxa6 Bxa6) 28. Rd8+ $1 $11 {The position is equal.} Kf7 29. Qxb5 (29. cxb5 $2 {is the wrong capture.} Rxc1+ 30. Qg1 Rxg1+ 31. Kxg1 Rxd8 $19) 29... axb5 30. Rd7+ Kg8 31. Rxb7 bxc4 {Threatens to win with ...e5.} 32. Rc3 e5 {[#] Hoping for ...Rcb8.} 33. f5 $1 Bd2 34. Rc2 ({Not} 34. Bxe5 $2 Bxc3 35. Bxc3 Rxa3 $19) 34... Rxa3 {( -> ...Ra1+)} 35. Bxe5 Bh6 36. g3 {Bc3 is the strong threat.} Re3 37. f6 gxf6 38. Bxf6 Rxe4 39. Kg2 Rce8 40. h4 Re2+ 41. Rxe2 Rxe2+ 42. Kf1 Re3 {Strongly threatening ...Rf3+.} 43. Kg2 Re6 44. Bd4 {Precision: White = 39%, Black = 80%.} 1/2-1/2

[Event "80th Tata Steel Challengers 2018"]
[Site "Wijk aan Zee"]
[Date "2018.01.27"]
[Round "12"]
[White "Van Foreest, Jorden"]
[Black "L'Ami, Erwin"]
[Result "1/2-1/2"]
[WhiteElo "2629"]
[BlackElo "2634"]
[Annotator "TA"]
[PlyCount "61"]
[EventDate "2018.??.??"]
[EventType "tourn"]
[EventCountry "NED"]
[SourceTitle "playchess.com"]
[Source "ChessBase"]
[SourceQuality "1"]

{[%evp 19,61,8,32,25,45,27,44,42,39,31,24,25,27,5,27,20,30,14,23,19,44,41,52,35,45,29,30,37,30,23,20,18,37,0,13,10,4,0,0,0,0,0,0,0]} 1. e4 e5 2. Nf3 Nf6 3. Nxe5 d6 4. Nf3 Nxe4 5. d4 d5 6. Bd3 Bf5 7. O-O Be7 8. Re1 O-O 9. Nbd2 {C42: Petroff Defence: 3 Nxe5 and unusual White 3rd moves} (9. c4 Nc6 10. cxd5 Qxd5 11. Nc3 Nxc3 12. bxc3 Rae8 13. Bf4 Bd8 14. c4 Qd7 15. Bxf5 Qxf5 16. Qd2 Na5 17. Rec1 Re4 {½-½ (58) Anand,V (2776)-Li,C (2728) Germany 2017}) 9... Nd6 10. Nf1 Nd7 {LiveBook: 4 Games} 11. Bf4 {White is slightly better.} Bg6 12. c3 $146 ({Find the theoretical novelty and annotate with similar games:} 12. Ne3 c6 13. b3 Re8 14. c4 Nf6 15. Ne5 {1-0 (39) Lopez,M (2285)-Busto,B (2000) Mexico 1994}) 12... c6 13. Bxg6 fxg6 14. Ng5 Bxg5 ({Don't play} 14... Rxf4 $6 15. Ne6 $16) 15. Bxd6 Rf7 16. Qg4 Nf6 {[%cal Bd7f6,Bf6h5,Bh5f4][%mdl 32]} 17. Qxg5 {[#] Hoping for Ba3.} Qxd6 18. Nd2 {[%cal Bf1d2,Bd2f3,Bf3e5][%mdl 32]} Raf8 19. Re3 Nh5 20. Nf3 Nf4 21. Qg3 h6 22. Rae1 g5 23. Ne5 Rf5 24. Qg4 Ng6 25. Nd3 {[#] Threatens to win with Re6.} Nf4 {Strongly threatening ...Nxd3.} 26. Ne5 Ng6 {The position is equal.} 27. Nxg6 Qxg6 28. Re6 R5f6 29. Rxf6 Qxf6 30. Qe2 g4 31. Qe6+ {Precision: White = 73%, Black = 53%.} 1/2-1/2

[Event "80th Tata Steel Challengers 2018"]
[Site "Wijk aan Zee"]
[Date "2018.01.27"]
[Round "12"]
[White "Bok, Benjamin"]
[Black "Bluebaum, Matthias"]
[Result "1/2-1/2"]
[WhiteElo "2607"]
[BlackElo "2640"]
[Annotator "TA"]
[PlyCount "78"]
[EventDate "2018.??.??"]
[EventType "tourn"]
[EventCountry "NED"]
[SourceTitle "playchess.com"]
[Source "ChessBase"]
[SourceQuality "1"]

{[%evp 13,78,22,17,16,19,12,15,17,39,35,29,36,52,52,59,8,10,16,10,16,24,14,17,14,12,6,7,8,6,6,6,6,7,-17,-14,-16,-13,-32,0,0,0,0,0,0,0,0,0,0,0,0,0,0,0,0,0,0,0,0,0,0,0,0,0,0,0,0,867]} 1. d4 d5 2. c4 e6 3. Nc3 Bb4 4. a3 Bxc3+ 5. bxc3 Nf6 6. e3 c6 7. Nf3 O-O 8. a4 {E51: Nimzo-Indian: Rubinstein: 4...0-0 5 Nf3 d5} Qc7 $146 ({Predecessor:} 8... b6 9. cxd5 exd5 10. Bd3 Ba6 11. O-O c5 12. Ne5 Re8 13. a5 Bxd3 14. Nxd3 {1-0 (39) Caruana,F (2805)-Hou,Y (2676) Dortmund 2015}) 9. Ba3 Rd8 10. Rc1 Nbd7 11. cxd5 cxd5 12. Be2 Ne4 13. O-O Nb6 14. c4 (14. Bd3 $14) 14... Nxc4 $11 15. Bxc4 dxc4 16. Ne5 Nd2 17. Re1 f6 18. Qxd2 fxe5 19. Qb4 a5 20. Qxc4 Qxc4 21. Rxc4 exd4 22. exd4 Bd7 23. Rc7 {[#] And now Be7 would win.} Bxa4 24. Rxb7 Rxd4 25. h3 Bd7 26. Bb2 {The position is equal.} Rd5 27. Rc1 a4 {White should prevent ...a3.} 28. Rcc7 a3 29. Bxa3 Rxa3 30. Rxd7 Rxd7 31. Rxd7 {[%mdl 4096] Endgame KR-KR} Kf8 32. Kh2 h6 33. f3 Kg8 34. Re7 Ra6 35. h4 Kh7 36. g4 Kg6 37. Kg3 Kf6 38. Rb7 Ra4 39. h5 Ke5 $2 {[%mdl 40960] Precision: White = 59%, Black = 73%. . An unexpected result.} (39... Ra3 $11) 1/2-1/2

[Event "80th Tata Steel Challengers 2018"]
[Site "Wijk aan Zee"]
[Date "2018.01.27"]
[Round "12"]
[White "Tari, Aryan"]
[Black "Harika, Dronavalli"]
[Result "1/2-1/2"]
[WhiteElo "2599"]
[BlackElo "2497"]
[Annotator "TA"]
[PlyCount "75"]
[EventDate "2018.??.??"]
[EventType "tourn"]
[EventCountry "NED"]
[SourceTitle "playchess.com"]
[Source "ChessBase"]
[SourceQuality "1"]

{[%evp 22,75,0,0,0,0,0,-13,0,0,0,0,35,37,39,33,39,33,41,45,62,62,83,75,67,0,64,0,74,33,48,40,56,53,53,41,79,27,40,0,7,0,41,0,6,0,0,0,5,22,49,0,0,-29,-18,-17]} 1. c4 e6 2. g3 d5 3. Bg2 Nf6 4. d4 Be7 5. Nf3 O-O 6. O-O dxc4 7. Ne5 Nc6 8. Nxc6 bxc6 9. Na3 Bxa3 10. bxa3 Ba6 11. a4 {E05: Open Catalan: 5 Nf3 Be7} Qd6 12. Qd2 {LiveBook: 3 Games} Rfb8 13. Qa5 Rb6 {[#]} 14. Rd1 $146 ({Find the theoretical novelty and annotate with similar games:} 14. Re1 Bb7 15. Qc3 Qb4 16. Qxb4 Rxb4 17. Bd2 Rb2 18. Bc3 Rc2 {½-½ (60) Wang,Y (2734)-Zhou,J (2660) Xinghua Jiangsu 2011}) 14... Rab8 15. e4 {[%cal Be2e4,Be4e5][%mdl 32]} Qf8 16. Bd2 h6 17. a3 {[%mdl 1024] White has compensation.} Qc8 18. Bb4 Nd7 19. Qh5 Qe8 20. e5 Nf8 {[%cal Bd7f8,Bf8g6,Bg6e7,Be7d5,Bd5b6][%mdl 32]} 21. Qf3 Bb7 22. Qc3 Ba6 23. Qf3 Bb7 $1 24. Qc3 Ba6 25. Bf1 Ng6 26. Bxc4 Bxc4 27. Qxc4 Ne7 28. Bc5 R6b7 29. a5 ({Better is} 29. Bxe7 $16 Qxe7 30. Qxc6) 29... Nd5 30. a4 Rb2 31. a6 Qc8 32. Rdc1 Nb6 33. Qc3 Nd5 34. Qc4 Nb6 35. Qd3 {[#] Black must now prevent Ba3.} Nd5 36. Bxa7 Ra8 37. Qa3 Rd2 38. Bc5 {Precision: White = 52%, Black = 61%.} 1/2-1/2

[Event "80th Tata Steel Challengers 2018"]
[Site "Wijk aan Zee"]
[Date "2018.01.27"]
[Round "12"]
[White "Girya, Olga"]
[Black "Vidit, Santosh Gujrathi"]
[Result "0-1"]
[WhiteElo "2489"]
[BlackElo "2718"]
[Annotator "TA"]
[PlyCount "52"]
[EventDate "2018.??.??"]
[EventType "tourn"]
[EventCountry "NED"]
[SourceTitle "playchess.com"]
[Source "ChessBase"]
[SourceQuality "1"]

{[%evp 16,52,33,4,19,-12,8,-29,-22,-33,12,-25,-22,-52,-40,-98,-98,-103,-105,-103,-117,-120,-107,-243,-245,-225,-243,-225,-73,-281,-281,-361,-362,-560,-566,-1381,-1364,-1333,-1260]} 1. d4 f5 2. g3 Nf6 3. Bg2 g6 4. Nd2 Bg7 5. e4 fxe4 6. Nxe4 Nxe4 7. Bxe4 d5 8. Bg2 {A81: Dutch Defence: 2 g3} Nc6 9. Ne2 {LiveBook: 4 Games} (9. c3 e5 10. Be3 exd4 11. cxd4 O-O 12. Ne2 Bg4 13. Qb3 Bxe2 14. Qxd5+ Kh8 15. Qxd8 Raxd8 16. Bxc6 {0-1 (31) Arkell,K (2438)-Pruijssers,R (2502) chess.com INT 2017}) 9... Bg4 {Threatens to win with ...Nxd4!} 10. f3 {The position is equal.} Bf5 $146 ({Predecessor:} 10... Be6 11. c3 Qd7 12. O-O Bh3 13. Bxh3 Qxh3 14. Nf4 Qd7 15. Re1 Nd8 {1-0 (48) Gerusel,M-Henningsen,J Voelklingen 1970}) 11. O-O Qd6 12. c3 e5 13. Be3 O-O-O 14. Qd2 h5 {[%cal Bh7h5,Bh5h4,Bh4h3][%mdl 32]} 15. Rae1 ({White should try} 15. Rf2 $15) 15... h4 $1 $36 {[%mdl 2048] Black is really pushing.} 16. g4 h3 17. Bh1 Bd7 18. Rd1 Rde8 19. dxe5 (19. Rfe1 $17) 19... Qxe5 $19 20. Bd4 Nxd4 ({Stronger than} 20... Qxe2 21. Bxg7 Rh7 22. Bf6 $14) 21. Nxd4 Bxg4 $2 (21... Qd6 $19 {is more deadly. Hoping for ...Be5.} 22. Nb3 Be5) 22. Rde1 $2 ({Don't go for} 22. fxg4 $2 Bh6 $19) (22. Rfe1 $17 Qh5 23. Rxe8+ Rxe8 24. fxg4 Qxg4+ 25. Kf2) 22... Qh5 23. Rxe8+ Rxe8 24. fxg4 (24. Qf2 {might work better.} Bd7 25. f4) 24... Qxg4+ {Black is clearly winning.} 25. Kf2 {[#]} Qh4+ $1 26. Kg1 {[#]} Bh6 $1 {Precision: White = 14%, Black = 71%.} 0-1